|
|
|
|
| LEADER |
00000nam a22000007a 4500 |
| 005 |
20180515214148.0 |
| 007 |
cr|||| |||| |
| 008 |
180515s2018 mx |||||s|||| 00||0 spa d |
| 020 |
|
|
|a 978-607-629-179-5
|
| 035 |
|
|
|a 21684
|
| 040 |
|
|
|a vLex
|
| 090 |
|
|
|c 7959
|d 7959
|
| 100 |
1 |
|
|a Přez Chv̀ez, Još
|
| 245 |
1 |
0 |
|a Gua̕ prc̀tica fiscal ISR, IVA, IMSS e Infonavit 2018
|h [Recurso electrn̤ico] /
|c Jos ̌Přez Chv̀ez, Raymundo Fol Olgun̕
|
| 256 |
|
|
|a Servicio en ln̕ea
|
| 260 |
|
|
|a Ciudad de Mx̌ico:
|b Tax Editores,
|c 2018
|
| 300 |
|
|
|a 1 recurso electrn̤ico
|
| 500 |
|
|
|a Mediante la lectura de esta gua̕, el interesado estar ̀en posibilidad de conocer de una manera sencilla, g̀il y prc̀tica los principales cl̀culos que contemplan los ordenamientos tributarios federales siguientes: 1. Ley del Impuesto sobre la Renta. 2. Ley del Impuesto al Valor Agregado. 3. Ley de Ingresos de la Federacin̤ para el Ejercicio Fiscal de 2018. 4. Ley del IMSS. 5. Ley del Infonavit. 6. Diversos decretos fiscales. Asimismo, esta gua̕ se encuentra actualizada con la Ley de Ingresos de la Federacin̤ para el Ejercicio Fiscal de 2018, publicada en el Diario Oficial de la Federacin̤ (DOF) el 15 de noviembre de 2017. Por l︢timo, la presente obra est ̀dirigida, principalmente, a los estudiantes que se inician en el aprendizaje de la materia fiscal, a los maestros de contribuciones, a los encargados de cumplir con las obligaciones fiscales de las personas fs̕icas y morales y, en general, a cualquier persona que se interese en el tema.
|
| 506 |
1 |
|
|a Disponible solo en los productos indicados
|d vLex Global
|d vLex Global (Academic Edition, excluding Law Schools)
|d vLex Global (U.S. Academic Edition, Law Schools)
|d vLex Global (U.S. Academic Edition, excluding Law Schools)
|d vLex Global (Academic Edition, Law Schools)
|
| 650 |
0 |
4 |
|a Derecho Fiscal
|z Mx̌ico
|
| 700 |
1 |
|
|a Fol Olgun̕, Raymundo
|
| 740 |
0 |
|
|a vLex Libros (Servicio en ln̕ea)
|
| 856 |
4 |
0 |
|u http://vlex.com/source/guia-practica-fiscal-isr-iva-imss-e-infonavit-2018-21684
|z Acceso restringido
|
| 942 |
|
|
|c BOOK
|
| 999 |
0 |
|
|a Tax Law
|